[Event "Reykjavik Open 2013"]
[Site "Reykjavik ISL"]
[Date "2013.02.27"]
[Round "10.37"]
[White "Bird, Andrew"]
[Black "Thorfinnsson, Bjorn"]
[Result "0-1"]
[BlackTitle "IM"]
[WhiteElo "2223"]
[BlackElo "2386"]
[WhiteFideId "3204502"]
[BlackFideId "2300982"]
[EventDate "2013.02.19"]

1. d4 Nf6 2. c4 e6 3. Nf3 c5 4. d5 d6 5. Nc3 exd5 6. cxd5 a6 7. a4 g6 8. Bf4 Bg7
9. h3 O-O 10. e3 Re8 11. Nd2 Bf5 12. Nc4 Ne4 13. Nxe4 Rxe4 14. Bd3 Rxc4 15. Bxc4
g5 16. Bg3 Bxb2 17. O-O Bxa1 18. Qxa1 Nd7 19. a5 b5 20. axb6 Nxb6 21. Ba2 Bd3
22. Re1 c4 23. Qd4 Rc8 24. e4 Rc5 25. f4 h6 26. fxg5 hxg5 27. Bf2 Nd7 28. h4 Ne5
29. Qc3 Ra5 30. Bb1 gxh4 31. Be3 h3 32. Bxd3 cxd3 33. Bf4 Rc5 34. Qa1 Rc2 35.
Bxe5 Qg5 0-1

[Event "Reykjavik Open 2013"]
[Site "Reykjavik ISL"]
[Date "2013.02.27"]
[Round "10.38"]
[White "Arngrimsson, Dagur"]
[Black "Karason, Askell O"]
[Result "1-0"]
[WhiteTitle "IM"]
[WhiteElo "2375"]
[BlackElo "2235"]
[WhiteFideId "2301288"]
[BlackFideId "2300567"]
[EventDate "2013.02.19"]

1. d4 d6 2. Nf3 Bg4 3. g3 Bxf3 4. exf3 e6 5. Bg2 g6 6. O-O Bg7 7. f4 c6 8. c4 d5
9. Nc3 Ne7 10. Be3 Nd7 11. Qb3 Qb6 12. Na4 Qxb3 13. axb3 O-O 14. Rfd1 Nb6 15.
Nc5 dxc4 16. Nxb7 cxb3 17. Na5 Nbd5 18. Rdc1 Rfc8 19. Rc5 Rab8 20. Bf1 Bf8 21.
Rac1 h5 22. Bd2 Nf5 23. Rxc6 Rxc6 24. Nxc6 Ra8 25. Ba6 Nde7 26. Bb7 Re8 27. Nxa7
Nxd4 28. Kf1 Rb8 29. Be4 Nd5 30. Bxd5 exd5 31. Bc3 Ne6 32. Nc6 Rb6 33. Be5 Ra6
34. Rc3 Nc5 35. Nb4 f6 36. Nxa6 1-0

[Event "Reykjavik Open 2013"]
[Site "Reykjavik ISL"]
[Date "2013.02.27"]
[Round "10.39"]
[White "Mammadova, Gulnar"]
[Black "Omarsson, Dadi"]
[Result "0-1"]
[WhiteTitle "WGM"]
[WhiteElo "2369"]
[BlackElo "2212"]
[WhiteFideId "13403508"]
[BlackFideId "2302772"]
[EventDate "2013.02.19"]

1. e4 c5 2. Nf3 e6 3. b3 b6 4. c4 Bb7 5. Nc3 d6 6. Bb2 Nf6 7. d3 Be7 8. Be2 O-O
9. O-O Nc6 10. d4 cxd4 11. Nxd4 a6 12. Kh1 Qc7 13. Rc1 Nb8 14. Bd3 Nbd7 15. Qe2
Rac8 16. f4 Rfd8 17. Na4 Bf8 18. Nf3 g6 19. Rcd1 Bg7 20. Bb1 Nc5 21. Nc3 Qb8 22.
b4 Ncd7 23. f5 exf5 24. exf5 Re8 25. Qd3 Bxf3 26. Qxf3 Ne5 27. Qh3 Rxc4 28. a3
g5 29. Ba2 Rh4 30. Qg3 Neg4 31. Bc1 Nh5 32. Qd3 d5 33. g3 Rxh2+ 34. Kg1 Bd4+ 0-1

[Event "Reykjavik Open 2013"]
[Site "Reykjavik ISL"]
[Date "2013.02.27"]
[Round "10.40"]
[White "Ornolfsson, Magnus P."]
[Black "Handler, Lukas"]
[Result "1/2-1/2"]
[BlackTitle "FM"]
[WhiteElo "2169"]
[BlackElo "2369"]
[WhiteFideId "2301016"]
[BlackFideId "1609580"]
[EventDate "2013.02.19"]

1. e4 e5 2. Nf3 Nc6 3. d4 exd4 4. Nxd4 Nf6 5. Nxc6 bxc6 6. Bd3 d5 7. exd5 cxd5
8. O-O Be7 9. Bg5 O-O 10. Qf3 Be6 11. Nc3 Rb8 12. b3 Qd7 13. h3 h6 14. Bf4 Bd6
15. Rad1 Bxf4 16. Qxf4 c5 17. Na4 Rfc8 18. Nxc5 Qe7 19. Nxe6 fxe6 20. Rfe1 Rb6
21. a4 Rf8 22. Qd4 Rc8 23. Re2 Qc5 24. Qxc5 Rxc5 25. Bg6 a5 26. Rd3 Rcc6 27. f4
Ne4 28. Bxe4 dxe4 29. Rd1 Rb4 30. Rd7 Rc5 31. Kf2 Kh7 32. Re7 Rb6 33. Ke3 Rbc6
34. Kxe4 Rxc2 35. Rxc2 Rxc2 36. Rxe6 Rxg2 37. Rd6 Re2+ 38. Kf3 Rh2 39. Kg3 Rc2
40. Rb6 Rc3+ 41. Kg4 g6 42. Rb7+ Kg8 43. h4 Rc5 44. Rb5 h5+ 45. Kf3 Rc3+ 46. Ke4
Rh3 47. Rxa5 Rxb3 48. Ra7 Rb6 49. Ke5 Rc6 50. a5 Kh8 51. Kd5 Rf6 52. a6 Rb6 53.
Kc5 Rf6 54. Kb5 Rf5+ 55. Kc6 Rf6+ 56. Kd5 Rb6 57. Ke5 Rc6 58. f5 gxf5 59. Kxf5
Rb6 60. Kg5 Rc6 61. Kxh5 Rb6 62. Kg5 Rc6 63. Kf5 Rb6 64. Ke5 Rc6 65. Kd5 Rb6 66.
Kc5 Rf6 67. Ra8+ Kg7 68. h5 Kh7 69. Kb5 Rf5+ 70. Kb4 Rf6 71. a7 Ra6 72. h6 Ra1
73. Kb5 Rb1+ 74. Kc6 1/2-1/2

[Event "Reykjavik Open 2013"]
[Site "Reykjavik ISL"]
[Date "2013.02.27"]
[Round "10.41"]
[White "Bjerke, Richard"]
[Black "Kashlinskaya, Alina"]
[Result "1-0"]
[WhiteTitle "FM"]
[BlackTitle "WGM"]
[WhiteElo "2131"]
[BlackElo "2350"]
[WhiteFideId "1500252"]
[BlackFideId "4198026"]
[EventDate "2013.02.19"]

1. e4 e5 2. Nf3 Nc6 3. Bb5 a6 4. Ba4 Nf6 5. O-O Be7 6. Re1 b5 7. Bb3 O-O 8. h3
Bb7 9. c3 d5 10. d4 Nxe4 11. dxe5 Bc5 12. Re2 Qe7 13. Bf4 Nd8 14. Nd4 Ne6 15.
Be3 Rad8 16. Nd2 N6g5 17. Re1 Nxd2 18. Bxd2 Ne4 19. Bf4 Kh8 20. Qg4 Bc8 21. Qh5
f6 22. Bc2 g6 23. exf6 Qxf6 24. Qe5 Bd6 25. Qxf6+ Rxf6 26. Bxd6 Nxd6 27. b4 Rdf8
28. f3 Bf5 29. Bxf5 Nxf5 30. Ne6 R8f7 31. Ng5 Rd7 32. Re8+ Kg7 33. Rae1 Kh6 34.
Ne6 Nd6 35. Rf8 Rxf8 36. Nxf8 Rf7 37. Ne6 Re7 38. g4 Nf7 39. h4 g5 40. f4 1-0

[Event "Reykjavik Open 2013"]
[Site "Reykjavik ISL"]
[Date "2013.02.27"]
[Round "10.42"]
[White "Ragnarsson, Johann"]
[Black "Gislason, Gudmundur"]
[Result "0-1"]
[BlackTitle "FM"]
[WhiteElo "2046"]
[BlackElo "2329"]
[WhiteFideId "2301040"]
[BlackFideId "2300559"]
[EventDate "2013.02.19"]

1. d4 Nf6 2. c4 g6 3. Nc3 Bg7 4. e4 d6 5. f3 O-O 6. Bg5 a6 7. Nge2 c5 8. d5 Nbd7
9. Qd2 Ne5 10. Ng3 b5 11. cxb5 c4 12. f4 Nd3+ 13. Bxd3 cxd3 14. O-O axb5 15. b4
Qb6+ 16. Kh1 Ng4 17. h3 Qe3 18. f5 Qxg3 19. hxg4 Qxg4 20. Rac1 gxf5 21. Nxb5
fxe4 22. Bxe7 Qg6 23. Rc7 e3 24. Qxe3 Rxa2 25. Nxd6 Qxg2# 0-1

[Event "Reykjavik Open 2013"]
[Site "Reykjavik ISL"]
[Date "2013.02.27"]
[Round "10.44"]
[White "Saduakassova, Dinara"]
[Black "Johansen, Stian"]
[Result "1-0"]
[WhiteTitle "WGM"]
[WhiteElo "2312"]
[BlackElo "2090"]
[WhiteFideId "13700090"]
[BlackFideId "1508121"]
[EventDate "2013.02.19"]

1. d4 Nf6 2. c4 c5 3. d5 b5 4. cxb5 a6 5. bxa6 g6 6. Nc3 Bxa6 7. e4 Bxf1 8. Kxf1
d6 9. g3 Bg7 10. Kg2 Nbd7 11. Qe2 O-O 12. Nf3 Qa5 13. a4 Rfb8 14. Ra3 Ne8 15.
Nb5 Nc7 16. Bg5 Kf8 17. Nxc7 Rxb2 18. Ne6+ fxe6 19. Nd2 Qb4 20. Rha1 Nf6 21.
dxe6 Rxd2 22. Bxd2 Qxe4+ 23. Qf3 d5 24. a5 Qxe6 25. a6 Qe4 26. Bg5 Ke8 27. Rd1
Qxf3+ 28. Kxf3 e6 29. Rb1 Nd7 30. a7 h6 31. Bd2 Ke7 32. Rb7 Kd8 33. Ba5+ Ke7 34.
Bc7 c4 35. Ke2 Bd4 36. Ra6 Bc5 37. Be5 d4 38. f4 g5 39. Ra5 Bb6 40. Ra6 Bc5 41.
h3 gxf4 42. Bxf4 d3+ 43. Kd2 1-0

[Event "Reykjavik Open 2013"]
[Site "Reykjavik ISL"]
[Date "2013.02.27"]
[Round "10.47"]
[White "Ekeberg, Carl Fredrik"]
[Black "Pretterhofer, Kiaras"]
[Result "1/2-1/2"]
[WhiteTitle "FM"]
[WhiteElo "2274"]
[BlackElo "1997"]
[WhiteFideId "1502654"]
[BlackFideId "1618768"]
[EventDate "2013.02.19"]

1. Nf3 Nf6 2. c4 c6 3. d4 d5 4. e3 e6 5. Bd3 Bd6 6. O-O O-O 7. Nc3 Nbd7 8. e4
dxc4 9. Bxc4 e5 10. Bg5 Qc7 11. d5 h6 12. Bh4 Bb4 13. dxc6 bxc6 14. Qe2 Nh5 15.
Bg3 Nxg3 16. hxg3 Nb6 17. Rac1 a5 18. Bd3 Qe7 19. Nd1 Bd7 20. Ne3 a4 21. Nf5 Qf6
22. a3 Be7 23. Nxe7+ Qxe7 24. Nh4 Rfd8 25. Nf5 Bxf5 26. exf5 c5 27. f6 Qxf6 28.
Rxc5 Qd6 29. Rc3 Nd5 30. Rcc1 Nf6 31. Rfd1 Qb6 32. Bc4 Rab8 33. Rxd8+ Rxd8 34.
Bd3 e4 35. Bc4 Qd4 36. b3 axb3 37. Bxb3 Qd3 38. Qxd3 exd3 39. f3 d2 40. Rd1 Rb8
41. Bc2 Rd8 42. Kf2 Nh5 43. a4 g6 44. a5 Ra8 45. Rxd2 Rxa5 1/2-1/2

[Event "Reykjavik Open 2013"]
[Site "Reykjavik ISL"]
[Date "2013.02.27"]
[Round "10.49"]
[White "Thorsteinsdottir, Hallgerdur"]
[Black "Thompson, Ian D"]
[Result "0-1"]
[BlackTitle "FM"]
[WhiteElo "1960"]
[BlackElo "2260"]
[WhiteFideId "2302454"]
[BlackFideId "405205"]
[EventDate "2013.02.19"]

1. d4 d5 2. c4 e6 3. Nf3 Nf6 4. e3 c6 5. b3 Bb4+ 6. Nbd2 Nbd7 7. Bb2 O-O 8. Bd3
c5 9. a3 Ba5 10. O-O cxd4 11. exd4 Bc7 12. Ne5 dxc4 13. Ndxc4 Nb6 14. Qf3 Nbd5
15. Rac1 a6 16. g4 Nd7 17. Qh3 f5 18. f4 Nxe5 19. Nxe5 Bxe5 20. dxe5 Qb6+ 21.
Kh1 Ne3 22. Rg1 Bd7 23. Be2 fxg4 24. Bxg4 Nxg4 25. Qxg4 Bc6+ 26. Rxc6 Qxc6+ 27.
Rg2 Rf7 28. h4 Rd8 29. Kh2 Rd3 30. b4 Qf3 0-1

[Event "Reykjavik Open 2013"]
[Site "Reykjavik ISL"]
[Date "2013.02.27"]
[Round "10.50"]
[White "Miedema, David"]
[Black "Christiansen, Johan-Sebastian"]
[Result "1-0"]
[WhiteTitle "IM"]
[WhiteElo "2364"]
[BlackElo "2071"]
[WhiteFideId "1018477"]
[BlackFideId "1512668"]
[EventDate "2013.02.19"]

1. Nf3 c5 2. e4 d6 3. d4 cxd4 4. Nxd4 Nf6 5. Nc3 g6 6. Be3 Bg7 7. f3 O-O 8. Qd2
Nc6 9. O-O-O d5 10. Kb1 Nxd4 11. e5 Nf5 12. exf6 Bxf6 13. Nxd5 Qxd5 14. Qxd5
Nxe3 15. Qd2 Nxd1 16. Qxd1 b5 17. Bd3 Be6 18. Qe2 Rab8 19. Rd1 Rfd8 20. Be4 Bc4
21. Rxd8+ Rxd8 22. Bd3 Be6 23. Bxb5 Rb8 24. b3 Rd8 25. Qe1 Bd5 26. Bd3 e5 27.
Qe3 Rd7 28. Be4 Be6 29. g4 Be7 30. Kb2 f5 31. gxf5 gxf5 32. Bd3 Kg7 33. c4 Bf6
34. Kc2 Rc7 35. a4 Kg6 36. a5 Rb7 37. Qc5 Kf7 38. Qc6 Rd7 39. b4 Bd8 40. c5 Rd4
41. Qb7+ Kg6 42. Qa6 Kf6 43. Kc3 Rf4 44. Be2 e4 45. Qd6 exf3 46. Qxd8+ Kg6 47.
Qd6 Re4 48. Bxf3 Rc4+ 49. Kd3 Kf6 50. Bd5 Rxb4 51. Qxe6+ Kg5 52. Qg8+ Kh6 53. c6
Rg4 54. Qf8+ Kh5 55. Qxf5+ Kh4 56. Qxh7+ Kg5 57. Qxa7 Ra4 58. Qg7+ Kf5 59. Be4+
Ke6 60. Qd7+ Ke5 61. Qd5+ Kf6 62. c7 Ra3+ 63. Kc4 Ra2 64. c8=Q Rf2 65. Qd4+ Ke7
66. Qxf2 1-0

[Event "Reykjavik Open 2013"]
[Site "Reykjavik ISL"]
[Date "2013.02.27"]
[Round "10.51"]
[White "Mihajlov, Svetoslav"]
[Black "Kislik, Erik Andrew"]
[Result "0-1"]
[BlackTitle "IM"]
[WhiteElo "2071"]
[BlackElo "2359"]
[WhiteFideId "1507168"]
[BlackFideId "2022702"]
[EventDate "2013.02.19"]

1. d4 Nf6 2. c4 e6 3. Nc3 Bb4 4. e3 O-O 5. Bd3 d5 6. Nf3 c5 7. O-O b6 8. cxd5
exd5 9. dxc5 bxc5 10. Qc2 Qe7 11. a3 Ba5 12. b4 cxb4 13. axb4 Bxb4 14. Na4 Ba6
15. Bb2 Rc8 16. Qe2 Bxd3 17. Qxd3 Nbd7 18. Rfc1 Qd6 19. h3 a5 20. Rd1 Qa6 21.
Qf5 Qd6 22. Qd3 Rab8 23. Nd4 Qe5 24. Qa6 Ra8 25. Qb7 Rab8 26. Qa6 h6 27. Rac1
Qe8 28. Nc6 Ra8 29. Qb7 Bd6 30. Bxf6 Nxf6 31. Nb6 Rcb8 32. Nxb8 Rxb8 33. Qa6 Qe6
34. Rc8+ Rxc8 35. Qxc8+ Qxc8 36. Nxc8 Bc5 37. Rc1 Ne4 38. Ra1 Bb4 39. Nb6 Nc3
40. Na4 Nxa4 41. Rxa4 Kf8 42. Kf1 Ke7 43. Ke2 Kd6 44. Kd3 Kc5 45. Ra1 Kb5 46.
Kd4 a4 47. Kxd5 a3 48. Rb1 Ka4 49. Kc4 Ba5 50. Ra1 Bd8 51. Rd1 Bc7 52. f4 Ba5
53. Ra1 Bb6 54. e4 Be3 55. g3 Bf2 56. g4 Bg3 57. Rd1 g5 58. Rd7 Be1 59. f5 a2
60. Rd1 Bg3 61. Rd7 Bb8 62. Rd1 Be5 63. Kd5 f6 64. Ke6 a1=Q 65. Rxa1+ Bxa1 66.
Kf7 Kb5 67. Kg7 Kc4 68. Kxh6 Kd3 69. e5 Bxe5 70. Kh5 Ke4 71. h4 gxh4 0-1

[Event "Reykjavik Open 2013"]
[Site "Reykjavik ISL"]
[Date "2013.02.27"]
[Round "10.52"]
[White "Karlsson, Mikael Johann"]
[Black "Malmdin, Nils-Ake"]
[Result "1-0"]
[BlackTitle "FM"]
[WhiteElo "1990"]
[BlackElo "2281"]
[WhiteFideId "2305194"]
[BlackFideId "1701584"]
[EventDate "2013.02.19"]

1. c4 b6 2. g3 Bb7 3. Nf3 Bxf3 4. exf3 c5 5. f4 Nc6 6. Bg2 g6 7. O-O Bg7 8. Nc3
e6 9. Re1 Nge7 10. b3 O-O 11. Bb2 Rc8 12. d3 Nf5 13. Qd2 h5 14. Ne4 Ncd4 15.
Rad1 d6 16. Ng5 Rc7 17. h3 Re8 18. g4 hxg4 19. hxg4 Nh6 20. Bxd4 Bxd4 21. Bf3 d5
22. Kg2 Rd7 23. Rh1 Bg7 24. Qe2 e5 25. Rde1 dxc4 26. dxc4 Rd2 27. Qe3 Rd3 28.
Qc1 f6 29. Ne4 f5 30. gxf5 Nxf5 31. Ng5 Rxf3 32. Nxf3 e4 33. Ng5 Qa8 34. Qd1 Rd8
35. Qg4 e3+ 36. Qf3 Qxf3+ 37. Nxf3 Bc3 38. Re2 Re8 39. Nh4 1-0

[Event "Reykjavik Open 2013"]
[Site "Reykjavik ISL"]
[Date "2013.02.27"]
[Round "10.53"]
[White "Jayakumar, Adarsh"]
[Black "Mihajlov, Sebastian"]
[Result "1-0"]
[WhiteTitle "FM"]
[WhiteElo "2271"]
[BlackElo "2059"]
[WhiteFideId "5026520"]
[BlackFideId "1512110"]
[EventDate "2013.02.19"]

1. d4 d5 2. c4 c6 3. Nf3 Nf6 4. Qc2 dxc4 5. Qxc4 b5 6. Qc2 e6 7. g3 Bb7 8. Bg2
Nbd7 9. Ne5 Nxe5 10. dxe5 Nd5 11. Nc3 Be7 12. O-O Qb6 13. Ne4 c5 14. a3 h6 15.
Qd3 O-O 16. g4 f6 17. exf6 Nxf6 18. Nxf6+ Bxf6 19. Bxb7 Qxb7 20. Qg6 Qf7 21. Qe4
Rac8 22. Be3 Bxb2 23. Rab1 Qf6 24. Rfd1 c4 25. Rxb2 Qxb2 26. Bd4 Qb3 27. Qxe6+
Kh7 28. Qe4+ Kg8 29. Rb1 Qxa3 30. Qb7 1-0

[Event "Reykjavik Open 2013"]
[Site "Reykjavik ISL"]
[Date "2013.02.27"]
[Round "10.55"]
[White "Steindorsson, Sigurdur P."]
[Black "Andreasen, Jakup A.R."]
[Result "1-0"]
[WhiteElo "2235"]
[BlackElo "1992"]
[WhiteFideId "2301229"]
[BlackFideId "7200528"]
[EventDate "2013.02.19"]

1. c4 Nf6 2. Nc3 c5 3. g3 Nc6 4. Bg2 e5 5. Nf3 g6 6. O-O Bg7 7. e3 O-O 8. d4 d6
9. dxe5 dxe5 10. Nd5 Nxd5 11. cxd5 Ne7 12. e4 b6 13. b4 cxb4 14. a3 bxa3 15.
Bxa3 Bg4 16. Qb3 Qd7 17. h3 Bxf3 18. Bxf3 Rfd8 19. Bg4 Qb7 20. Rac1 h5 21. Be2
Rac8 22. d6 Nc6 23. Qd5 Na5 24. Qxb7 Nxb7 25. Rc7 Rb8 26. Rd1 Bf8 27. Bc4 Bxd6
28. Bxf7+ Kf8 29. Bxd6+ Rxd6 30. Bd5 Nc5 31. f4 exf4 32. Rf7+ Ke8 33. Rxf4 Rbd8
34. Rdf1 Nd7 35. Rf7 a5 36. Bc4 Rc8 37. e5 Nxe5 38. Rf8+ Kd7 39. Bb5+ Kc7 40.
Rc1+ Nc6 41. Rxc6+ Rxc6 42. Rxc8+ Kxc8 43. Bxc6 h4 44. g4 g5 45. Kf2 Kc7 46. Be8
Kd6 47. Ke3 Ke5 48. Ba4 Kd5 49. Bb3+ Ke5 50. Bc4 a4 51. Bb5 a3 52. Bc4 b5 53.
Bb3 Kd6 54. Kd4 Kc6 55. Ba2 Kd6 56. Bd5 b4 57. Bb3 Kc6 58. Bc4 Kb6 59. Ba2 Kc6
60. Bb3 Kd6 61. Bd5 Kc7 62. Kc5 Kd7 63. Bb3 Kc7 64. Be6 Kb7 65. Kxb4 Kc6 66.
Kxa3 Kd6 67. Bc8 Ke5 68. Kb4 Kf4 69. Kc4 Kg3 70. Kd4 Kxh3 71. Ke5 Kg3 72. Kf5 h3
73. Kxg5 h2 74. Bb7 1-0

[Event "Reykjavik Open 2013"]
[Site "Reykjavik ISL"]
[Date "2013.02.27"]
[Round "10.56"]
[White "Van Weersel, Arlette"]
[Black "Johannesson, Oliver"]
[Result "1/2-1/2"]
[WhiteTitle "WIM"]
[WhiteElo "2211"]
[BlackElo "1988"]
[WhiteFideId "1009877"]
[BlackFideId "2305623"]
[EventDate "2013.02.19"]

1. e4 c5 2. c4 Nc6 3. Ne2 g6 4. d4 cxd4 5. Nxd4 Nf6 6. Nc3 d6 7. Be2 Nxd4 8.
Qxd4 Bg7 9. Be3 O-O 10. Qd2 a5 11. f3 a4 12. O-O Be6 13. Rac1 Qa5 14. Rfd1 Rfc8
15. Nb5 Qxd2 16. Rxd2 Nd7 17. b4 axb3 18. axb3 Nc5 19. Rb1 f5 20. b4 Nd7 21.
exf5 Bxc4 22. fxg6 hxg6 23. Na7 Rc7 24. Rc1 Ne5 25. f4 Bh6 26. Rc3 Rxa7 27. Bxa7
Bxf4 28. Bxc4+ Nxc4 29. Ra2 b5 30. Bf2 e5 31. g3 Bh6 32. Ra8+ Kf7 33. Rb8 Bd2
34. Rf3+ Ke6 35. Rxb5 e4 36. Rf8 e3 37. Bxe3 Bxe3+ 38. Kg2 Ne5 39. h4 Rc2+ 40.
Kf1 Kd7 41. Rbb8 Rb2 42. Rbd8+ 1/2-1/2

[Event "Reykjavik Open 2013"]
[Site "Reykjavik ISL"]
[Date "2013.02.27"]
[Round "10.57"]
[White "Valenti, Giuseppe"]
[Black "Ofstad, Sigurd"]
[Result "0-1"]
[WhiteTitle "FM"]
[WhiteElo "2204"]
[BlackElo "1985"]
[WhiteFideId "801119"]
[BlackFideId "1507729"]
[EventDate "2013.02.19"]

1. f4 e5 2. e4 Bc5 3. Nf3 Nc6 4. fxe5 Nxe5 5. Nxe5 Qh4+ 6. g3 Qxe4+ 7. Qe2 Qxh1
8. Nf3+ Be7 9. Nc3 d6 10. Nb5 Bg4 11. Kf2 Qxf3+ 12. Qxf3 Bxf3 13. Kxf3 Kd8 14.
d4 c6 15. Nc3 Nf6 16. Bd3 Kc7 17. Bf4 Rae8 18. g4 Kd8 19. h3 g6 20. Bh6 Kd7 21.
Rf1 Bd8 22. Kg2 Re6 23. g5 Ne8 24. Rxf7+ Re7 25. Rf2 d5 26. h4 Bb6 27. Ne2 Nd6
28. c3 Rf7 29. Rf1 Bd8 30. Rf3 Rxf3 31. Kxf3 Re8 0-1

[Event "Reykjavik Open 2013"]
[Site "Reykjavik ISL"]
[Date "2013.02.27"]
[Round "10.58"]
[White "Vigfusson, Vigfus"]
[Black "Frisk, Ellinor"]
[Result "0-1"]
[BlackTitle "WF"]
[WhiteElo "1985"]
[BlackElo "2197"]
[WhiteFideId "2303914"]
[BlackFideId "1708481"]
[EventDate "2013.02.19"]

1. c4 e5 2. Nc3 Bb4 3. g3 Bxc3 4. bxc3 d6 5. Bg2 Nc6 6. d4 Nge7 7. e4 O-O 8. Ne2
f5 9. O-O fxe4 10. Bxe4 Bh3 11. Bg2 Bxg2 12. Kxg2 Qd7 13. Be3 Qf5 14. f3 Na5 15.
dxe5 dxe5 16. Bc5 Nac6 17. Qb3 e4 18. Bxe7 exf3+ 19. Kh1 f2 20. Nf4 Qe4+ 21. Ng2
Nxe7 22. Rab1 Nc6 23. Rb2 Na5 24. Qc2 Qxc2 25. Rxc2 Nxc4 26. Rfxf2 Rxf2 27. Rxf2
Rf8 28. Kg1 Rxf2 29. Kxf2 Kf7 30. Ke2 Ke6 31. Kd3 Ne5+ 32. Ke4 Ng4 33. Nf4+ Kd6
34. h4 Nf6+ 35. Kf5 Nd5 36. Ne2 b5 37. h5 c5 38. Kg5 Ke5 39. g4 a5 40. a3 b4 41.
cxb4 cxb4 42. axb4 axb4 43. Nc1 Ke6 44. Nb3 Ne7 45. Kf4 Kd5 46. g5 g6 47. hxg6
hxg6 48. Ke3 Nc6 49. Kd3 Ne5+ 50. Kc2 Nf3 51. Na5 Kc5 52. Nb7+ Kb5 53. Nd6+ Ka4
54. Nc4 Nxg5 55. Ne5 Ka3 56. Kb1 Ne4 57. Nxg6 b3 58. Nf4 Nc3+ 0-1

[Event "Reykjavik Open 2013"]
[Site "Reykjavik ISL"]
[Date "2013.02.27"]
[Round "10.59"]
[White "Karlsson, Robin"]
[Black "Bergsson, Stefan"]
[Result "0-1"]
[WhiteElo "1980"]
[BlackElo "2180"]
[WhiteFideId "1719637"]
[BlackFideId "2301393"]
[EventDate "2013.02.19"]

1. d4 f5 2. c4 Nf6 3. Nc3 e6 4. Nf3 Be7 5. g3 O-O 6. Bg2 d6 7. O-O a5 8. Qc2 Nc6
9. a3 e5 10. d5 Nb8 11. e4 Nxe4 12. Nxe4 fxe4 13. Qxe4 Bf5 14. Qe2 Nd7 15. Nd2
Qe8 16. Ne4 Qg6 17. Bd2 a4 18. Rfe1 Rae8 19. Bf3 Nf6 20. Rac1 b6 21. Be3 Ng4 22.
Bd2 Qh5 23. h4 Bxh4 24. gxh4 Qxh4 25. Bxg4 Bxg4 26. Qf1 Bf3 27. Ng3 Rf5 28. Rc3
Rh5 29. Qg2 Bxg2 30. Nxh5 Qh1# 0-1

[Event "Reykjavik Open 2013"]
[Site "Reykjavik ISL"]
[Date "2013.02.27"]
[Round "10.60"]
[White "Roberts, Lynda"]
[Black "Halldorsson, Bragi"]
[Result "0-1"]
[WhiteTitle "WC"]
[WhiteElo "1903"]
[BlackElo "2180"]
[WhiteFideId "1800191"]
[BlackFideId "2300907"]
[EventDate "2013.02.19"]

1. e4 c6 2. d3 d5 3. Nd2 e5 4. Ngf3 Nd7 5. g3 Ngf6 6. Bg2 Qc7 7. O-O Bd6 8. c3
O-O 9. Qc2 dxe4 10. dxe4 b5 11. b3 Nc5 12. Re1 Rd8 13. Bb2 h6 14. Nh4 Be6 15. c4
Nd3 16. Qxd3 Bb4 17. Qf1 Rxd2 18. Re2 Rad8 19. Nf3 Rxb2 20. Rxb2 Bc3 21. Rc2
Bxa1 22. Qxa1 bxc4 23. Nxe5 Qxe5 24. Qxe5 Rd1+ 25. Bf1 Bh3 26. Qb8+ Kh7 0-1

[Event "Reykjavik Open 2013"]
[Site "Reykjavik ISL"]
[Date "2013.02.27"]
[Round "10.61"]
[White "Kuehnast, Volker"]
[Black "Ingvason, Johann"]
[Result "0-1"]
[WhiteElo "1936"]
[BlackElo "2148"]
[WhiteFideId "24653756"]
[BlackFideId "2301431"]
[EventDate "2013.02.19"]

1. e4 e6 2. d3 d5 3. Nd2 c5 4. Ngf3 Nc6 5. g3 h5 6. h3 Bd6 7. Bg2 Bd7 8. exd5
exd5 9. O-O h4 10. Re1+ Nge7 11. Nxh4 Qc7 12. Bxd5 Bxg3 13. Qf3 Bh2+ 14. Kf1
O-O-O 15. Rxe7 Nxe7 16. Ng2 Nxd5 17. Qxd5 Bxh3 18. Qf3 Rd6 0-1

[Event "Reykjavik Open 2013"]
[Site "Reykjavik ISL"]
[Date "2013.02.27"]
[Round "10.62"]
[White "Merkesvik, Sondre"]
[Black "Thorhallsson, Gylfi"]
[Result "0-1"]
[WhiteElo "1903"]
[BlackElo "2141"]
[WhiteFideId "1514350"]
[BlackFideId "2300800"]
[EventDate "2013.02.19"]

1. Nf3 e6 2. g3 f5 3. Bg2 Nf6 4. O-O Be7 5. c4 O-O 6. Nc3 d6 7. d4 c6 8. Qc2
Nbd7 9. e4 fxe4 10. Ng5 Nb6 11. Ncxe4 Nxe4 12. Nxe4 d5 13. c5 Nd7 14. Nd2 e5 15.
Nb3 exd4 16. Bf4 d3 17. Qc1 Nf6 18. Re1 Bg4 19. f3 Bd7 20. Qd2 Bf5 21. Rac1 Qd7
22. Nd4 Rae8 23. Nxf5 Qxf5 24. Bf1 Qh5 25. Qxd3 Bxc5+ 26. Kg2 Nd7 27. Qb3 Bb6
28. Qc3 Rf6 29. Bd3 Rfe6 30. a4 g5 31. Bd2 g4 32. fxg4 Qxg4 33. Bf4 Nc5 34. h3
Qg7 35. Bf5 Re2+ 36. Rxe2 Rxe2+ 37. Kf1 Rf2+ 38. Kxf2 Ne4+ 39. Kf3 Nxc3 40. Rxc3
Qf6 41. Bg4 h5 42. Bc8 Qd4 43. Be3 Qe4+ 44. Kf2 d4 0-1

[Event "Reykjavik Open 2013"]
[Site "Reykjavik ISL"]
[Date "2013.02.27"]
[Round "10.63"]
[White "Maack, Kjartan"]
[Black "Johannsson, Orn Leo"]
[Result "1-0"]
[WhiteElo "2136"]
[BlackElo "1953"]
[WhiteFideId "2301806"]
[BlackFideId "2303051"]
[EventDate "2013.02.19"]

1. e4 e6 2. d4 d5 3. Nd2 dxe4 4. Nxe4 Nd7 5. Nf3 Ngf6 6. Bd3 Be7 7. O-O b6 8.
Ne5 Nxe5 9. dxe5 Nd7 10. Qg4 Nxe5 11. Qxg7 Ng6 12. Bb5+ Bd7 13. Rd1 Bxb5 14.
Rxd8+ Rxd8 15. Bg5 Bc6 16. Bxe7 Kxe7 17. Qf6+ Ke8 18. Ng5 Rd7 19. Re1 Bd5 20. f4
Rf8 21. c4 Bxc4 22. Qc3 Bd5 23. Nxh7 Nxf4 24. Nxf8 Kxf8 25. Qb4+ 1-0

[Event "Reykjavik Open 2013"]
[Site "Reykjavik ISL"]
[Date "2013.02.27"]
[Round "10.64"]
[White "Newrkla, Katharina"]
[Black "Ragnarsson, Dagur"]
[Result "1/2-1/2"]
[WhiteTitle "WF"]
[WhiteElo "2135"]
[BlackElo "1961"]
[WhiteFideId "1621629"]
[BlackFideId "2304058"]
[EventDate "2013.02.19"]

1. e4 e6 2. d4 d5 3. Nc3 Bb4 4. e5 c5 5. a3 Bxc3+ 6. bxc3 Qa5 7. Bd2 Qa4 8. Nf3
c4 9. Nh4 Nc6 10. f4 Nge7 11. g4 Bd7 12. Bh3 O-O-O 13. O-O h5 14. gxh5 g6 15.
Bg4 gxh5 16. Bh3 Nf5 17. Bxf5 exf5 18. Be1 Rdg8+ 19. Kh1 Ne7 20. Qd2 Rh6 21. Bg3
Rg4 22. Rfb1 Ng6 23. Qf2 Nxh4 24. Bxh4 Rgg6 25. Rb4 Qa5 26. Bg5 Rh8 27. Qe1 Rb6
28. Qb1 Re8 29. Rxb6 Qxb6 30. Qxb6 axb6 31. Kg2 Rh8 32. Kh3 Ba4 33. Ra2 Kc7 34.
Kh4 Kd7 35. Bf6 Rg8 36. Bg5 Rh8 37. Rb2 b5 38. Kg3 Ke6 39. Kh4 Kd7 40. Bf6 Rg8
41. Bg5 Rh8 42. Kg3 Ke6 43. Kf2 Kd7 44. Ke2 Ke6 45. Kd2 Kd7 46. Rb1 Rg8 47. Rg1
Ke6 48. Rg2 Rg6 49. Rg3 Rg8 50. Rh3 Rh8 51. Bf6 Rh6 52. Rg3 Rg6 53. Bg5 Rg8 54.
Re3 Rg7 55. Rh3 Rh7 56. Bf6 Rh6 57. Kd1 Kd7 58. Re3 Ke6 59. Re2 Rg6 60. Bg5 Rg8
61. Ke1 Rh8 62. Kf2 Rg8 63. Kg3 Rh8 64. Kh4 Rh7 65. Rg2 Rg7 66. Kxh5 Rh7+ 67.
Bh6 Rh8 68. Re2 Rg8 69. Bg5 Rh8+ 70. Bh6 Rg8 1/2-1/2